| Tag |
First Indicator |
Second Indicator |
Subfields |
| LEADER |
00000cam a2200000 i 4500 |
| 001 |
in00003525949 |
| 005 |
20170928132807.0 |
| 008 |
150810s2012 wvu f f000 0 eng c |
| 035 |
|
|
|a (OCoLC)ocn914466510
|
| 040 |
|
|
|a GPO
|b eng
|e rda
|c GPO
|d GPO
|d MvI
|d UtOrBLW
|
| 042 |
|
|
|a pcc
|
| 043 |
|
|
|a n-us-ny
|
| 049 |
|
|
|a UDOC
|
| 074 |
|
|
|a 0648-A-35
|
| 086 |
0 |
|
|a I 29.155:W 84
|
| 110 |
1 |
|
|a United States.
|b National Park Service,
|e author.
|0 http://id.loc.gov/authorities/names/n79022809
|
| 245 |
1 |
0 |
|a Women's Rights National Historical Park, New York /
|c National Park Service, U.S. Department of the Interior.
|
| 250 |
|
|
|a Contracted (Grade 2) Braille transcription edition.
|
| 264 |
|
1 |
|a Harpers Ferry, WV :
|b National Park Service, Harpers Ferry Center,
|c 2012.
|
| 300 |
|
|
|a 1 volume ;
|c 29 cm
|
| 336 |
|
|
|a tactile text
|b tct
|2 rdacontent
|
| 337 |
|
|
|a unmediated
|b n
|2 rdamedia
|
| 338 |
|
|
|a volume
|b nc
|2 rdacarrier
|
| 500 |
|
|
|a Comb binding.
|
| 500 |
|
|
|a Cover title.
|
| 500 |
|
|
|a Shipping list number: 2015-0303-P.
|
| 500 |
|
|
|a "WORI 2012: 372-849/80815 edition."
|
| 500 |
|
|
|a "Visitor information brochure."
|
| 546 |
|
|
|b Contracted (Grade 2) Braille transcription.
|
| 650 |
|
0 |
|a Women's rights
|z New York (State)
|z Seneca Falls.
|
| 650 |
|
0 |
|a Historic sites
|z New York (State)
|z Seneca Falls.
|
| 650 |
|
0 |
|a National parks and reserves
|z New York (State)
|z Seneca Falls.
|
| 651 |
|
0 |
|a Women's Rights National Historical Park (N.Y.)
|0 http://id.loc.gov/authorities/subjects/sh2009007317
|
| 655 |
|
7 |
|a Braille books.
|2 lcgft
|0 http://id.loc.gov/authorities/genreForms/gf2014026053
|
| 710 |
2 |
|
|a Harpers Ferry Center (U.S.),
|e publisher.
|0 http://id.loc.gov/authorities/names/n83061304
|
| 999 |
f |
f |
|s 22f6cf0b-5c48-3e56-a987-9490dd1d40f2
|i 8ea0cba9-2c66-3e16-b4a2-a0f1ce8980d1
|t 0
|
| 952 |
f |
f |
|p normal
|a Texas A&M University
|b College Station
|c Sterling C. Evans Library
|d Evans: US Documents (Annex 5th floor)
|t 0
|e I 29.155:W 84
|h Superintendent of Documents classification
|i unmediated -- volume
|
| 998 |
f |
f |
|a I 29.155:W 84
|t 0
|l Evans: US Documents (Annex 5th floor)
|